00496nam a2200145 a 450000100100000000500170001000800410002704000250006808200160009311000630010924500780017226000330025030000370028370000300032000001430820250221073754.0091209s1998 dr ad 001 0 spa d aDO-SdBNPbspacBNPHU axxxxbR426i1 aRepública Dominicana.bOficina Nacional de Estadística10aIndicadores básicos diarios /cpresentación Maritza Rossi de Pérez. aSanto Domingo :bONE,c1998. a283 P. :bil., gráf. ;c28 cm.1 aRossi de Pérez, Maritza